Separatist Movements in the UK - Statistics

General Stats
  • This quiz has been taken 81 times
  • The average score is 6 of 9
Answer Stats
Answer % Correct
Scotland
100%
Wales
100%
Northern Ireland
98%
Isle of Man
84%
Cornwall
79%
England
78%
London
49%
Northern England
14%
Midlands (Mercia)
0%
No matching quizzes found
Score Distribution
Percent of People with Each Score
Percentile by Number Answered
Your Score History
You have not taken this quiz